[Event "Barbera del Valles"]
[Site "XXX Open"]
[Date "2007.07.08"]
[Round "3"]
[White "Fluvia, Jordi"]
[Black "Canal Oliveras, Joan"]
[Result "1/2-1/2"]
[WhiteElo "2497"]
[BlackElo "2236"]
[PlyCount "102"]
[EventDate "2007.07.??"]
[EventType "swiss"]
[EventRounds "9"]
[EventCountry "ESP"]

1. e4 e5 2. Nf3 Nc6 3. Bb5 f5 4. Nc3 fxe4 5. Nxe4 d5 6. Nxe5 dxe4 7. Nxc6 Qg5
8. Qe2 Nf6 9. f4 Qh4+ 10. g3 Qh3 11. Ne5+ c6 12. Bc4 Bc5 13. Bf7+ Ke7 14. Qc4
Bd6 15. d4 Qg2 16. Rf1 Bh3 17. Rf2 Qg1+ 18. Ke2 Bxe5 19. Bd2 Qxa1 20. fxe5 Bg4+
21. Ke3 a5 22. exf6+ gxf6 23. Kxe4 Rhf8 24. Kf4 Rxf7 25. Kxg4 Qd1+ 26. Re2+ Kf8
27. Bh6+ Kg8 28. Kh4 Rd8 29. c3 Qh1 30. Qe6 Qd5 31. Qg4+ Kh8 32. b3 Qd7 33. Qf4
Re8 34. Rxe8+ Qxe8 35. c4 Kg8 36. Qg4+ Kh8 37. d5 cxd5 38. cxd5 Qg8 39. Qe6 Qg6
40. Qe8+ Qg8 41. Qe6 Qg6 42. Bf4 f5 43. Qe8+ Kg7 44. Kh3 Rf8 45. Qe5+ Kg8 46.
d6 Qh5+ 47. Kg2 Re8 48. Qd5+ Kf8 49. d7 Qe2+ 50. Kh3 Qh5+ 51. Kg2 Qe2+ 1/2-1/2

[Event "Barbera del Valles"]
[Site "XXX Open"]
[Date "2007.07.08"]
[Round "3"]
[White "Gonzalez Vidal, Yuri"]
[Black "Bautista Sanchez, Juan"]
[Result "1-0"]
[WhiteElo "2475"]
[BlackElo "2233"]
[PlyCount "89"]
[EventDate "2007.07.??"]
[EventType "swiss"]
[EventRounds "9"]
[EventCountry "ESP"]

1. d4 d5 2. c4 e6 3. Nc3 Nf6 4. cxd5 exd5 5. Bg5 Be7 6. e3 Nbd7 7. Bd3 O-O 8.
Nge2 Re8 9. O-O c6 10. Qc2 Nf8 11. f3 g6 12. Rae1 Ne6 13. Bh4 Nh5 14. Bxe7 Rxe7
15. Qd2 Re8 16. Bc2 Nhg7 17. Rd1 Nf8 18. e4 Be6 19. Kh1 Qa5 20. Nxd5 Qxd2 21.
Nf6+ Kh8 22. Rxd2 Re7 23. Rfd1 Ne8 24. Nxe8 Raxe8 25. Nc3 Bc4 26. Kg1 Nd7 27.
b3 Ba6 28. d5 Nb8 29. Kf2 Kg7 30. f4 f6 31. Rd4 h6 32. b4 b6 33. d6 Rd7 34. Bb3
Rdd8 35. R4d2 Bc8 36. Re1 Be6 37. Bd1 h5 38. Bf3 Nd7 39. b5 Rc8 40. bxc6 Rxc6
41. Nb5 Bc4 42. Nc7 Rc8 43. e5 R6xc7 44. dxc7 Rxc7 45. e6 1-0

[Event "Barbera del Valles"]
[Site "XXX Open"]
[Date "2007.07.08"]
[Round "3"]
[White "Vehi Bach, Victor"]
[Black "Barranco Montilla, Cristobal"]
[Result "1-0"]
[WhiteElo "2447"]
[BlackElo "2294"]
[PlyCount "78"]
[EventDate "2007.07.??"]
[EventType "swiss"]
[EventRounds "9"]
[EventCountry "ESP"]

1. e4 c5 2. Nf3 Nc6 3. d4 cxd4 4. Nxd4 g6 5. c4 Bg7 6. Be3 Nf6 7. Nc3 d6 8. Be2
O-O 9. O-O Bd7 10. Qd2 Nxd4 11. Bxd4 Bc6 12. Bd3 a5 13. Rae1 Nd7 14. Bxg7 Kxg7
15. Re3 Nc5 16. Rh3 h5 17. f4 Nxd3 18. Qxd3 Qb6+ 19. Rf2 Qc5 20. f5 Rh8 21.
Rhf3 f6 22. Nd5 Bxd5 23. exd5 g5 24. Re3 Kf8 25. Rfe2 Rc8 26. Kf1 Rh7 27. Re4
Rc7 28. R2e3 Ke8 29. Qd2 b6 30. Rb3 Rb7 31. Rb5 Qc7 32. Qe2 Kd8 33. Re3 h4 34.
Qg4 Kc8 35. Reb3 Kb8 36. Qd4 Qd7 37. Rxb6 Qxf5+ 38. Ke1 Rxb6 39. Qxb6+ Kc8 1-0

[Event "Barbera del Valles"]
[Site "XXX Open"]
[Date "2007.07.08"]
[Round "3"]
[White "Losada Cabrera, Francisco Javier"]
[Black "Rojas Keim, Luis"]
[Result "0-1"]
[WhiteElo "2183"]
[BlackElo "2385"]
[PlyCount "84"]
[EventDate "2007.07.??"]
[EventType "swiss"]
[EventRounds "9"]
[EventCountry "ESP"]

1. d4 Nf6 2. Nf3 g6 3. h4 d5 4. c4 c6 5. Nc3 Bg7 6. Bf4 O-O 7. Qd2 Ne4 8. Nxe4
dxe4 9. Ng5 Qxd4 10. Qxd4 Bxd4 11. O-O-O Bg7 12. Nxe4 f5 13. Nc3 e5 14. Bg5 Be6
15. e4 h6 16. Be3 f4 17. Bc5 Re8 18. Be2 Nd7 19. Ba3 Bf8 20. Bxf8 Kxf8 21. Rd6
Ke7 22. Rhd1 Nf6 23. f3 Rac8 24. c5 Rg8 25. b3 g5 26. hxg5 Rxg5 27. Bf1 h5 28.
Na4 Rh8 29. Nb2 h4 30. Nc4 h3 31. gxh3 Bxh3 32. Bxh3 Rxh3 33. R6d3 Rh2 34. R1d2
Rxd2 35. Kxd2 Nd7 36. b4 Rg2+ 37. Kc3 Rxa2 38. Na5 Nxc5 39. Nxc6+ bxc6 40. bxc5
Ra3+ 41. Kc4 Rxd3 42. Kxd3 Kf6 0-1

[Event "Barbera del Valles"]
[Site "XXX Open"]
[Date "2007.07.08"]
[Round "3"]
[White "Asis Gargatagli, Hipolit"]
[Black "Chalmeta Ugas, Ramon"]
[Result "1-0"]
[WhiteElo "2374"]
[BlackElo "2176"]
[PlyCount "65"]
[EventDate "2007.07.??"]
[EventType "swiss"]
[EventRounds "9"]
[EventCountry "ESP"]

1. d4 Nf6 2. c4 g6 3. g3 d5 4. cxd5 Nxd5 5. Bg2 Bg7 6. Nf3 O-O 7. O-O Nd7 8. e4
N5b6 9. Qc2 c6 10. Nc3 e5 11. Bg5 Bf6 12. Bxf6 Qxf6 13. Rad1 exd4 14. Nxd4 Rd8
15. f4 Nc5 16. e5 Qe7 17. h3 Be6 18. b4 Na6 19. a3 Bd5 20. Nxd5 Nxd5 21. Bxd5
cxd5 22. Qf2 Nc7 23. Rde1 a5 24. f5 axb4 25. axb4 Ra4 26. e6 fxe6 27. Nxe6 Nxe6
28. Rxe6 Qxb4 29. f6 Qd4 30. f7+ Kf8 31. Re3 Rc4 32. Rfe1 Kg7 33. Re8 1-0

[Event "Barbera del Valles"]
[Site "XXX Open"]
[Date "2007.07.08"]
[Round "3"]
[White "Mohota, Nisha"]
[Black "Hernandez Funes, Ruben"]
[Result "1-0"]
[WhiteElo "2318"]
[BlackElo "2015"]
[PlyCount "63"]
[EventDate "2007.07.??"]
[EventType "swiss"]
[EventRounds "9"]
[EventCountry "ESP"]

1. d4 c5 2. d5 f5 3. g3 Nf6 4. Bg2 g6 5. b3 Bg7 6. Bb2 O-O 7. Nh3 d6 8. O-O Na6
9. c4 Nc7 10. Nc3 Rb8 11. Qc2 a6 12. a4 b5 13. axb5 axb5 14. e3 bxc4 15. bxc4
Ne4 16. Rfc1 Rxb2 17. Qxb2 Nxc3 18. Rxc3 Ba6 19. Qc1 Bxc3 20. Qxc3 Qb8 21. Bf1
Qb4 22. Qc2 Rb8 23. e4 Qb3 24. Qxb3 Rxb3 25. exf5 gxf5 26. Nf4 Rb4 27. Rc1 Na8
28. Re1 Kf7 29. Ra1 Nc7 30. Ne6 Nxd5 31. cxd5 Bb7 32. Nd8+ 1-0

[Event "Barbera del Valles"]
[Site "XXX Open"]
[Date "2007.07.08"]
[Round "3"]
[White "Barbero Senidic, Alejandro"]
[Black "Pena Riasco, Alexander"]
[Result "1-0"]
[WhiteElo "2163"]
[BlackElo "2295"]
[PlyCount "63"]
[EventDate "2007.07.??"]
[EventType "swiss"]
[EventRounds "9"]
[EventCountry "ESP"]

1. e4 c5 2. Nf3 d6 3. d4 cxd4 4. Nxd4 Nf6 5. Nc3 a6 6. Bc4 e6 7. Bb3 b5 8. O-O
Be7 9. Qf3 Qc7 10. Qg3 b4 11. Nce2 Nxe4 12. Qxg7 Bf6 13. Qh6 Qe7 14. Qh5 Nc5
15. Be3 Ra7 16. Rfe1 Rc7 17. Nf4 Be5 18. Nf3 Nc6 19. Nd5 exd5 20. Bxc5 O-O 21.
Bxd5 dxc5 22. Nxe5 Nxe5 23. Rxe5 Qf6 24. Rae1 Be6 25. Be4 h6 26. Re3 Rd8 27. g3
Qg7 28. Bf5 Bxf5 29. Qxf5 Qg6 30. Re8+ Rxe8 31. Rxe8+ Kh7 32. Qe5 1-0

[Event "Barbera del Valles"]
[Site "XXX Open"]
[Date "2007.07.08"]
[Round "3"]
[White "Mohota, Swati"]
[Black "Garcia Jimenez, Francisco Javier"]
[Result "0-1"]
[WhiteElo "2121"]
[BlackElo "2287"]
[PlyCount "62"]
[EventDate "2007.07.??"]
[EventType "swiss"]
[EventRounds "9"]
[EventCountry "ESP"]

1. d4 d5 2. c4 e6 3. Nc3 f5 4. Nf3 c6 5. g3 Nf6 6. Bg2 Bd6 7. O-O O-O 8. Qc2
Bd7 9. Rb1 Kh8 10. b4 b5 11. cxb5 cxb5 12. Qd3 Nc6 13. a3 a6 14. Bf4 Ne4 15.
Bxd6 Nxd6 16. e3 Qe7 17. Nd2 Rfc8 18. f3 Nc4 19. Nxc4 bxc4 20. Qd2 Qd6 21. Rfd1
Rab8 22. e4 Na7 23. exf5 exf5 24. f4 Nb5 25. Ra1 Nxc3 26. Qxc3 Rb5 27. Re1 a5
28. Rab1 Rcb8 29. Re5 Bc6 30. Rxf5 Qg6 31. g4 Bd7 0-1

[Event "Barbera del Valles"]
[Site "XXX Open"]
[Date "2007.07.08"]
[Round "3"]
[White "Ortega Serra, Marc"]
[Black "Cuartas, Jorge Humberto"]
[Result "0-1"]
[WhiteElo "1933"]
[BlackElo "2236"]
[PlyCount "58"]
[EventDate "2007.07.??"]
[EventType "swiss"]
[EventRounds "9"]
[EventCountry "ESP"]

1. d4 d5 2. c4 dxc4 3. e3 Nf6 4. Bxc4 e6 5. Nf3 a6 6. O-O c5 7. dxc5 Bxc5 8.
Qxd8+ Kxd8 9. a3 b5 10. Be2 Bb7 11. b4 Bd6 12. Bb2 Nbd7 13. Nc3 Ke7 14. Rfd1
Rhc8 15. Rac1 Nb6 16. Ng5 h6 17. Nf3 Nc4 18. Bxc4 Rxc4 19. Nd2 Rc7 20. Ne2 Rac8
21. Nd4 Ng4 22. h3 Ne5 23. N4f3 Rxc1 24. Rxc1 Rxc1+ 25. Bxc1 Nd3 26. Nb3 Bd5
27. Nfd2 Be5 28. e4 Bc4 29. a4 Bc3 0-1

[Event "Barbera del Valles"]
[Site "XXX Open"]
[Date "2007.07.08"]
[Round "3"]
[White "Subirach Mancebo, Guillem"]
[Black "Asensio Linan, Teodoro"]
[Result "0-1"]
[WhiteElo "2021"]
[BlackElo "2276"]
[PlyCount "70"]
[EventDate "2007.07.??"]
[EventType "swiss"]
[EventRounds "9"]
[EventCountry "ESP"]

1. e4 e5 2. Nf3 f5 3. Nxe5 Nf6 4. d4 d6 5. Nc4 fxe4 6. Be2 Be6 7. Ne3 d5 8. O-O
Bd6 9. c4 c6 10. b3 Qc7 11. h3 Nbd7 12. Ba3 Nf8 13. Bxd6 Qxd6 14. Nc3 a6 15.
cxd5 cxd5 16. Rc1 Ng6 17. Bh5 O-O 18. Bxg6 hxg6 19. Qd2 Bd7 20. Rc2 Rf7 21. b4
Be6 22. Na4 Nh7 23. Nc5 Bxh3 24. f3 b6 25. fxe4 Rxf1+ 26. Nxf1 bxc5 27. bxc5
Qe7 28. exd5 Bf5 29. Rb2 Re8 30. d6 Qe4 31. d5 Qc4 32. Ne3 Qxc5 33. Kf2 Nf6 34.
Qe2 Rxe3 35. Qxe3 Ng4+ 0-1

[Event "Barbera del Valles"]
[Site "XXX Open"]
[Date "2007.07.08"]
[Round "3"]
[White "Jose Iraeta, Alexandre"]
[Black "Sanahuja Palomo, Alex"]
[Result "1-0"]
[WhiteElo "2190"]
[BlackElo "2029"]
[PlyCount "99"]
[EventDate "2007.07.??"]
[EventType "swiss"]
[EventRounds "9"]
[EventCountry "ESP"]

1. e4 e5 2. Nf3 Nc6 3. Bb5 a6 4. Bxc6 dxc6 5. O-O f6 6. d4 Bg4 7. dxe5 Qxd1 8.
Rxd1 fxe5 9. Nbd2 O-O-O 10. Re1 Bb4 11. c3 Bd6 12. h3 Bh5 13. g4 Be8 14. Nc4 h5
15. Nfxe5 hxg4 16. hxg4 Nf6 17. f3 b5 18. Nxd6+ cxd6 19. Nd3 Bf7 20. Kg2 Bc4
21. Nf2 Rh7 22. b3 Be6 23. Bf4 d5 24. e5 Nd7 25. a4 Kb7 26. b4 g6 27. Nd3 Rf8
28. Bg5 Rhf7 29. Bf6 g5 30. Nc5+ Nxc5 31. bxc5 d4 32. cxd4 b4 33. a5 Kc7 34.
Rab1 b3 35. Re3 Bd5 36. Kg3 Kd7 37. Rexb3 Bxb3 38. Rxb3 Ke6 39. Bxg5 Kd5 40. f4
Kxd4 41. e6 Rh7 42. f5 Rfh8 43. Kf4 Kxc5 44. e7 Kc4 45. Rf3 Kd5 46. Rd3+ Kc5
47. Rd8 Kb5 48. f6 c5 49. Rxh8 Rxh8 50. f7 1-0

[Event "Barbera del Valles"]
[Site "XXX Open"]
[Date "2007.07.08"]
[Round "3"]
[White "Torner Planell, Jordi"]
[Black "Del Valle Cirera, Adria"]
[Result "1/2-1/2"]
[WhiteElo "1977"]
[BlackElo "2072"]
[PlyCount "111"]
[EventDate "2007.07.??"]
[EventType "swiss"]
[EventRounds "9"]
[EventCountry "ESP"]

1. Nf3 d5 2. d4 Nf6 3. c4 c6 4. cxd5 cxd5 5. Nc3 Nc6 6. Bf4 e6 7. e3 Bd7 8. Be2
Be7 9. O-O O-O 10. h3 a6 11. Na4 b5 12. Nc5 Bxc5 13. dxc5 Ne4 14. Rc1 Qe7 15.
Nd4 e5 16. Nxc6 Bxc6 17. Bh2 b4 18. Bf3 Nf6 19. Qb3 a5 20. Qc2 Rac8 21. Qf5
Rfe8 22. Rfd1 a4 23. g4 e4 24. Be2 Bd7 25. Qf4 Bc6 26. g5 Nd7 27. Bg4 Ra8 28.
Qd6 Nb8 29. Qxe7 Rxe7 30. Bd6 Re8 31. a3 Na6 32. Be2 b3 33. Rd4 Red8 34. Bxa6
Rxa6 35. Rb4 Raa8 36. Rd1 h6 37. gxh6 gxh6 38. Rb6 Rac8 39. Rd4 Rd7 40. Kh2 Ra7
41. Rd1 f5 42. Be5 Kh7 43. Rg1 Re7 44. Bd6 Rb7 45. Ra6 Bb5 46. Ra5 Bc6 47. Ra6
Bb5 48. Ra5 Bc6 49. Rd1 Rg7 50. Rg1 Rxg1 51. Kxg1 Ra8 52. Rxa8 Bxa8 53. Kh2 Kg6
54. Kg3 Bc6 55. Kf4 Kf6 56. Bf8 1/2-1/2

[Event "Barbera del Valles"]
[Site "XXX Open"]
[Date "2007.07.08"]
[Round "3"]
[White "Molano Lafuente, Ismael"]
[Black "Benedic, Patrick"]
[Result "1/2-1/2"]
[WhiteElo "1951"]
[BlackElo "2053"]
[PlyCount "87"]
[EventDate "2007.07.??"]
[EventType "swiss"]
[EventRounds "9"]
[EventCountry "ESP"]

1. e4 e5 2. Nf3 Nc6 3. Bb5 a6 4. Ba4 Nf6 5. O-O Be7 6. Re1 b5 7. Bb3 d6 8. c3
O-O 9. h3 Na5 10. Bc2 c5 11. d4 Qc7 12. Nbd2 Rd8 13. Nf1 cxd4 14. cxd4 exd4 15.
Bf4 Nc6 16. Rc1 Qb6 17. Ng3 Be6 18. Bb1 Rac8 19. b3 Nd7 20. Qd2 Nde5 21. Kh2
Nxf3+ 22. gxf3 Ne5 23. Bxe5 dxe5 24. Nh5 Bd7 25. Rg1 g6 26. Qh6 Bf8 27. Qg5 Qe6
28. Nf6+ Kg7 29. Nxd7 Qxd7 30. Rxc8 Rxc8 31. Qxe5+ Kg8 32. Qd5 Qxd5 33. exd5
Bg7 34. Re1 Kf8 35. Kg2 Rc5 36. Be4 f5 37. Bd3 Rxd5 38. Re6 Bh6 39. Rxa6 Rc5
40. Rd6 Bg7 41. Rd7 Bf6 42. a4 bxa4 43. bxa4 h6 44. Bb5 1/2-1/2

[Event "Barbera del Valles"]
[Site "XXX Open"]
[Date "2007.07.08"]
[Round "3"]
[White "Penas Hernandez, Yolanda"]
[Black "Costa Trave, Jaume"]
[Result "0-1"]
[WhiteElo "2034"]
[BlackElo "2013"]
[PlyCount "58"]
[EventDate "2007.07.??"]
[EventType "swiss"]
[EventRounds "9"]
[EventCountry "ESP"]

1. e4 c5 2. Nf3 Nc6 3. d4 cxd4 4. Nxd4 Nf6 5. Nc3 d6 6. Be3 Bd7 7. f3 Rc8 8.
Qd2 a6 9. g4 h6 10. O-O-O Ne5 11. h4 b5 12. Bd3 Nc4 13. Bxc4 Rxc4 14. g5 Ng8
15. Qg2 e6 16. f4 Qc8 17. g6 f6 18. h5 e5 19. Nf5 Qc6 20. Nd5 Bxf5 21. exf5 Ne7
22. b3 Rc3 23. Ba7 Nxd5 24. Rxd5 Be7 25. Rhd1 O-O 26. Qf2 Rc8 27. R5d2 d5 28.
fxe5 fxe5 29. Qg2 Bg5 0-1

[Event "Barbera del Valles"]
[Site "XXX Open"]
[Date "2007.07.09"]
[Round "4"]
[White "Jankovic, Alojzije"]
[Black "Alonso Rosell, Alvar"]
[Result "1/2-1/2"]
[WhiteElo "2536"]
[BlackElo "2285"]
[PlyCount "88"]
[EventDate "2007.07.??"]
[EventType "swiss"]
[EventRounds "9"]
[EventCountry "ESP"]

1. d4 Nf6 2. Nf3 e6 3. c4 c5 4. d5 exd5 5. cxd5 d6 6. Nc3 g6 7. Nd2 Bg7 8. Nc4
O-O 9. Bf4 Ne8 10. Qd2 b6 11. a4 Ba6 12. e3 Bxc4 13. Bxc4 Nd7 14. O-O Ne5 15.
Be2 f5 16. e4 Qe7 17. Bg5 Nf6 18. Rae1 fxe4 19. Bxf6 Bxf6 20. Nxe4 g5 21. b3
Rad8 22. Kh1 Qg7 23. Ng3 Be7 24. Bd3 g4 25. Bb1 Bg5 26. Qc2 Rd7 27. Nf5 Qg6 28.
Qe4 Rdf7 29. Nxd6 Qxd6 30. Qxe5 Qxe5 31. Rxe5 Bh4 32. f3 gxf3 33. gxf3 Rxf3 34.
Rg1+ Kf7 35. Bxh7 Rf6 36. Bf5 Bf2 37. Be6+ Ke7 38. Rg7+ Kd6 39. Rh5 c4 40. Rd7+
Kc5 41. Rc7+ Kb4 42. Rxc4+ Kxb3 43. Re4 Bc5 44. Rh3+ Kc2 1/2-1/2

[Event "Barbera del Valles"]
[Site "XXX Open"]
[Date "2007.07.09"]
[Round "4"]
[White "Perpinya Rofes, Lluis Maria"]
[Black "Almeida Quintana, Omar"]
[Result "1-0"]
[WhiteElo "2400"]
[BlackElo "2501"]
[PlyCount "105"]
[EventDate "2007.07.??"]
[EventType "swiss"]
[EventRounds "9"]
[EventCountry "ESP"]

1. e4 c5 2. Nf3 Nc6 3. d4 cxd4 4. Nxd4 Nf6 5. Nc3 d6 6. Bg5 Qb6 7. Be3 Qc7 8.
Qd2 a6 9. Nd5 Nxd5 10. exd5 Ne5 11. h3 g6 12. f4 Nd7 13. Be2 Bg7 14. O-O O-O
15. c4 Nf6 16. Rfd1 Bd7 17. Bf3 e6 18. Rac1 exd5 19. cxd5 Qb8 20. f5 Re8 21.
fxg6 hxg6 22. Bf4 Nh7 23. Kh1 Be5 24. Nc6 bxc6 25. dxc6 Be6 26. Bxe5 dxe5 27.
c7 Qa7 28. Bxa8 Qxa8 29. Qd8 Kg7 30. c8=Q Rxd8 31. Qxd8 Qe4 32. Qd3 Qh4 33. Qe3
e4 34. Qd4+ Kh6 35. Rc3 g5 36. Re3 Bf5 37. Qe5 Qf2 38. Rg3 f6 39. Qc3 Bg6 40.
Kh2 f5 41. Qd2 Qxd2 42. Rxd2 f4 43. Ra3 e3 44. Rd6 Nf8 45. Raxa6 g4 46. hxg4
Kg5 47. Kg1 Be4 48. Rd4 Bb1 49. a4 Kxg4 50. Rf6 Ng6 51. Kf1 Kg3 52. a5 Ne5 53.
Rfxf4 1-0

[Event "Barbera del Valles"]
[Site "XXX Open"]
[Date "2007.07.09"]
[Round "4"]
[White "Nijboer, Friso"]
[Black "Camarena Gimenez, Rufino"]
[Result "1/2-1/2"]
[WhiteElo "2568"]
[BlackElo "2332"]
[PlyCount "199"]
[EventDate "2007.07.??"]
[EventType "swiss"]
[EventRounds "9"]
[EventCountry "ESP"]

1. e4 e6 2. d4 d5 3. Nc3 dxe4 4. Nxe4 Bd7 5. Nf3 Bc6 6. Bd3 Nd7 7. O-O Ngf6 8.
Ned2 Be7 9. Re1 O-O 10. Nc4 Bd5 11. Ne3 Be4 12. Bxe4 Nxe4 13. Qd3 Nef6 14. Bd2
c5 15. d5 c4 16. Qd4 Bc5 17. Qxc4 Bxe3 18. dxe6 Bxd2 19. e7 Qa5 20. exf8=Q+
Rxf8 21. Re2 Bh6 22. a4 a6 23. Rd1 b5 24. axb5 axb5 25. Qc6 g6 26. c3 b4 27.
cxb4 Qxb4 28. Rxd7 Nxd7 29. Qxd7 Bg7 30. Re8 Qxb2 31. h4 Qc1+ 32. Kh2 Qf4+ 33.
Kg1 Qc1+ 34. Re1 Qf4 35. Qd5 h6 36. Re7 Qf6 37. Rd7 Re8 38. g3 Qe6 39. Qxe6
Rxe6 40. Rd8+ Bf8 41. h5 Kg7 42. hxg6 fxg6 43. Kg2 Bc5 44. Rd5 Be7 45. Ne5 Bf6
46. Nc4 h5 47. Kf3 Be7 48. Ne5 Bd6 49. Nd3 Kf6 50. Kg2 g5 51. f4 gxf4 52. gxf4
Bc7 53. Rxh5 Re3 54. Nb4 Bxf4 55. Nd5+ Kg7 56. Nxf4 Ra3 57. Rf5 Rb3 58. Kf2 Ra3
59. Rd5 Kf6 60. Nd3 Ke6 61. Rd4 Kf5 62. Ke3 Rc3 63. Ra4 Rb3 64. Ra5+ Kf6 65.
Ke4 Rb6 66. Rf5+ Ke7 67. Nf4 Rb1 68. Re5+ Kd6 69. Rd5+ Kc6 70. Nd3 Rh1 71. Ne5+
Kb6 72. Rd2 Rh8 73. Nd7+ Kb5 74. Rc2 Rh1 75. Ne5 Re1+ 76. Kd4 Rd1+ 77. Nd3 Rh1
78. Kd5 Kb6 79. Rb2+ Kc7 80. Rb3 Rh2 81. Nf4 Rd2+ 82. Ke5 Rd1 83. Ne6+ Kc6 84.
Nd4+ Kc5 85. Rc3+ Kb4 86. Rc8 Rh1 87. Nf3 Rh7 88. Ke4 Re7+ 89. Kd3 Rh7 90. Ne5
Rh3+ 91. Kd4 Rh4+ 92. Kd5 Rh1 93. Nd3+ Kb3 94. Nf2 Rh7 95. Rd8 Rh5+ 96. Kd4
Rh4+ 97. Ne4 Kc2 98. Rb8 Rh7 99. Rc8+ Kb3 100. Rc3+ 1/2-1/2

[Event "Barbera del Valles"]
[Site "XXX Open"]
[Date "2007.07.09"]
[Round "4"]
[White "Cuartas, Jaime Alexander"]
[Black "Jovanic, Ognjen"]
[Result "1/2-1/2"]
[WhiteElo "2504"]
[BlackElo "2491"]
[PlyCount "164"]
[EventDate "2007.07.??"]
[EventType "swiss"]
[EventRounds "9"]
[EventCountry "ESP"]

1. e4 e5 2. Nf3 Nc6 3. Bb5 Nf6 4. d3 Bc5 5. Be3 Bxe3 6. fxe3 d6 7. O-O O-O 8.
Qe1 Ne7 9. Bc4 Ng6 10. Nbd2 Be6 11. Nh4 Qd7 12. Bxe6 Qxe6 13. Nf5 d5 14. exd5
Nxd5 15. Ne4 f6 16. Neg3 Nde7 17. Qb4 Nxf5 18. Nxf5 b6 19. Qg4 Kh8 20. Rf3 Rf7
21. Rg3 Nf8 22. e4 g6 23. Nh6 Rg7 24. b3 Qxg4 25. Nxg4 Nd7 26. Rf1 Rf8 27. Ne3
c6 28. a4 h5 29. Rgf3 Rgf7 30. g3 Kg7 31. Nc4 Re7 32. R3f2 Re6 33. Kg2 a6 34.
Ne3 Rh8 35. Ra1 Ra8 36. Rff1 Ree8 37. Nc4 Re6 38. Ra2 Rc8 39. a5 b5 40. Nb6 Rc7
41. b4 Rb7 42. Rfa1 f5 43. Kf3 Rd6 44. Ra3 Rd4 45. exf5 gxf5 46. Nxd7 Rbxd7 47.
Rc3 R7d6 48. Re1 Kf6 49. Rc5 R4d5 50. Rxd5 cxd5 51. Ke3 Rc6 52. Kd2 d4 53. Rf1
Rc7 54. Re1 h4 55. Rh1 Rh7 56. Rg1 hxg3 57. hxg3 Rh2+ 58. Kc1 Rh8 59. Kd2 Rh7
60. Ke2 Kg5 61. Kf3 Rc7 62. Re1 Rxc2 63. Rxe5 Rd2 64. Re6 Rxd3+ 65. Kf2 Rb3 66.
Rxa6 Rxb4 67. Ra8 Rb2+ 68. Kf3 Rb3+ 69. Kf2 Ra3 70. a6 Kf6 71. a7 Kg7 72. Ke2
b4 73. Kd2 b3 74. Kd3 Ra4 75. Rb8 Rxa7 76. Kxd4 Kf6 77. Rxb3 Kg5 78. Rb8 Kg4
79. Rg8+ Kf3 80. Ke5 Ra5+ 81. Kf6 f4 82. gxf4 Kxf4 1/2-1/2

[Event "Barbera del Valles"]
[Site "XXX Open"]
[Date "2007.07.09"]
[Round "4"]
[White "Aloma Vidal, Robert"]
[Black "Narciso Dublan, Marc"]
[Result "1/2-1/2"]
[WhiteElo "2341"]
[BlackElo "2552"]
[PlyCount "121"]
[EventDate "2007.07.??"]
[EventType "swiss"]
[EventRounds "9"]
[EventCountry "ESP"]

1. d4 Nf6 2. Nf3 e6 3. e3 b6 4. Bd3 Bb7 5. O-O d5 6. b3 Nbd7 7. Bb2 Be7 8. Ne5
Nxe5 9. dxe5 Ne4 10. a4 O-O 11. a5 f5 12. f3 Nc5 13. Be2 Nd7 14. f4 bxa5 15.
Rxa5 c6 16. Ra2 Qb6 17. Kh1 Bc5 18. Bd4 Bxd4 19. exd4 c5 20. Nc3 cxd4 21. Nb5
Ba6 22. Nxd4 Bxe2 23. Nxe2 Nc5 24. Qd4 Qb5 25. Re1 a5 26. Qe3 Ra6 27. h3 Rc8
28. Kh2 Ne4 29. Rea1 h6 30. Qd3 Qb6 31. b4 Rca8 32. b5 Nc5 33. Qc3 Qxb5 34. Nd4
Qc4 35. Qxc4 dxc4 36. Nb5 Rb8 37. Rxa5 Rxa5 38. Rxa5 Ne4 39. Nd4 Re8 40. Ra6
Kf7 41. Rc6 c3 42. Nb5 g5 43. fxg5 hxg5 44. Nxc3 Nxc3 45. Rxc3 f4 46. g4 Rd8
47. h4 Rd5 48. Rc7+ Kg6 49. h5+ Kh6 50. c4 Rxe5 51. Re7 Re2+ 52. Kg1 f3 53. Kf1
Re4 54. Kf2 Rxg4 55. Kxf3 Rxc4 56. Rxe6+ Kxh5 57. Kg3 Rc3+ 58. Kg2 Kh4 59. Re4+
g4 60. Re2 Rg3+ 61. Kh2 1/2-1/2

[Event "Barbera del Valles"]
[Site "XXX Open"]
[Date "2007.07.09"]
[Round "4"]
[White "Mohota, Nisha"]
[Black "Teske, Henrik"]
[Result "0-1"]
[WhiteElo "2332"]
[BlackElo "2578"]
[PlyCount "102"]
[EventDate "2007.07.??"]
[EventType "swiss"]
[EventRounds "9"]
[EventCountry "ESP"]

1. d4 d5 2. c4 dxc4 3. e3 Nf6 4. Bxc4 a6 5. Nf3 e6 6. O-O c5 7. Bb3 Nc6 8. Qe2
cxd4 9. Rd1 Bd7 10. exd4 Be7 11. Nc3 O-O 12. Bg5 Nd5 13. Nxd5 Bxg5 14. Nc3 Re8
15. a3 Bh6 16. Ne5 Qe7 17. Ne4 Rad8 18. Bc2 Bf4 19. Nf3 g6 20. h4 Bh6 21. h5
Bc8 22. Rd3 Bg7 23. hxg6 hxg6 24. Qe3 Na5 25. Ne5 b5 26. Qe1 Bb7 27. Rf3 Bxe4
28. Qxe4 f5 29. Qe1 Bxe5 30. dxe5 Nc6 31. Rg3 Kg7 32. Qc3 Nd4 33. Bd1 Rh8 34.
Rc1 Rh4 35. Rh3 Rd5 36. Qc7 Rd7 37. Qxd7 Qxd7 38. Rxh4 Nc6 39. Rh3 Nxe5 40.
Rhc3 Qd2 41. Bb3 Qxb2 42. Bxe6 Nd3 43. R1c2 Qb1+ 44. Kh2 Qd1 45. Rc7+ Kh6 46.
Bg8 Kg5 47. g3 Qh5+ 48. Kg2 Ne1+ 49. Kg1 Nxc2 50. f4+ Kg4 51. Rh7 Kxg3 0-1

[Event "Barbera del Valles"]
[Site "XXX Open"]
[Date "2007.07.09"]
[Round "4"]
[White "Motoc, Alina"]
[Black "Czakon, Jakub"]
[Result "0-1"]
[WhiteElo "2289"]
[BlackElo "2505"]
[PlyCount "46"]
[EventDate "2007.07.??"]
[EventType "swiss"]
[EventRounds "9"]
[EventCountry "ESP"]

1. d4 g6 2. c4 Bg7 3. Nc3 d6 4. e4 e5 5. Be3 exd4 6. Bxd4 Nf6 7. e5 dxe5 8.
Bxe5 O-O 9. Qxd8 Rxd8 10. Bxc7 Re8+ 11. Be2 Na6 12. Bd6 Be6 13. O-O-O Rac8 14.
Bf3 Rxc4 15. Bxb7 Nb4 16. a3 Na2+ 17. Kc2 Nxc3 18. bxc3 Ng4 19. Ne2 Nxf2 20.
Ba6 Nxd1 21. Rxd1 Bf5+ 22. Kb3 Rc6 23. Bc4 Rd8 0-1

[Event "Barbera del Valles"]
[Site "XXX Open"]
[Date "2007.07.09"]
[Round "4"]
[White "Corrales Jimenez, Fidel"]
[Black "Ben Porat, Or"]
[Result "1-0"]
[WhiteElo "2499"]
[BlackElo "2193"]
[PlyCount "55"]
[EventDate "2007.07.??"]
[EventType "swiss"]
[EventRounds "9"]
[EventCountry "ESP"]

1. d4 e6 2. c4 f5 3. g3 Nf6 4. Bg2 d5 5. b3 c6 6. Nf3 Bd6 7. O-O Qe7 8. a4 O-O
9. Ba3 Bxa3 10. Nxa3 a5 11. Nc2 b6 12. Nce1 Bb7 13. Nd3 Nbd7 14. Rc1 Ne4 15.
Nfe5 Nxe5 16. Nxe5 c5 17. cxd5 exd5 18. e3 Rac8 19. Qe2 cxd4 20. exd4 Qb4 21.
Qe3 Rc3 22. Rxc3 Nxc3 23. Nd7 Rc8 24. Qe6+ Kh8 25. Ne5 h6 26. Nf7+ Kh7 27. Bh3
g6 28. Qd7 1-0

[Event "Barbera del Valles"]
[Site "XXX Open"]
[Date "2007.07.09"]
[Round "4"]
[White "Mestre Bellido, Hector"]
[Black "Perez Mitjans, Orelvis"]
[Result "0-1"]
[WhiteElo "2370"]
[BlackElo "2412"]
[PlyCount "52"]
[EventDate "2007.07.??"]
[EventType "swiss"]
[EventRounds "9"]
[EventCountry "ESP"]

1. e4 c5 2. Nf3 d6 3. d4 cxd4 4. Nxd4 Nf6 5. Nc3 g6 6. Be2 Bg7 7. Be3 Nc6 8.
Nb3 O-O 9. O-O Be6 10. f4 Qc8 11. Kh1 Rd8 12. Bg1 d5 13. e5 Ne4 14. Nb5 g5 15.
g3 Bh3 16. Rf3 Kh8 17. Rd3 gxf4 18. gxf4 Bh6 19. Bf1 Bg4 20. Be2 Rg8 21. Bxg4
Rxg4 22. Rf3 Qf5 23. N5d4 Qh5 24. Ne2 Rag8 25. Qf1 Bxf4 26. Rh3 Qxh3 0-1

[Event "Barbera del Valles"]
[Site "XXX Open"]
[Date "2007.07.09"]
[Round "4"]
[White "Almeida Toledano, Daniel"]
[Black "Vehi Bach, Victor"]
[Result "1-0"]
[WhiteElo "2254"]
[BlackElo "2388"]
[PlyCount "57"]
[EventDate "2007.07.??"]
[EventType "swiss"]
[EventRounds "9"]
[EventCountry "ESP"]

1. e4 c5 2. Nf3 e6 3. d4 cxd4 4. Nxd4 Nf6 5. Nc3 d6 6. g4 h6 7. h3 Nc6 8. Bg2
a6 9. Be3 Ne5 10. O-O Nc4 11. Bc1 e5 12. Nf5 g6 13. Ne3 Be6 14. Ncd5 Rc8 15.
Nxc4 Rxc4 16. Nxf6+ Qxf6 17. b3 Rc8 18. f4 exf4 19. Bxf4 Bg7 20. e5 Qd8 21.
exd6 Bxa1 22. Qxa1 Qb6+ 23. Kh1 Kd7 24. c4 h5 25. g5 a5 26. Qf6 Rhe8 27. Re1
Rcd8 28. c5 Qb4 29. Rxe6 1-0